000 00971nas a2200313 4500
001 BR2012009792
003 BR-BrBNA
005 20231205121720.0
007 ta
008 230509b bl.|||p| |||| 00| 00por d
040 _aBR-BrBNA
_bpor
_cBiblioteca Nacional de Agricultura
041 _a(Pt)
072 _aQ04
100 1 _aCorreia, A.A. da S.
100 1 _aGonzaga, M.L. da C.
100 1 _aAquino, A.C. de
100 1 _aSouza, P.H.M. de
100 1 _aFigueiredo, R.W. de
100 1 _aMaia, G.A.
245 1 _aCaracterização química e físico-química da polpa do noni (Morinda citrifolia)cultivado no estado do Ceará
650 _aFRUTA TROPICAL
650 _aPOLPA
650 _aCOMPOSIÇÃO QUÍMICA
650 _aVITAMINA C
650 _aANTIOXIDANTE
773 0 _tAlimentos e Nutrição (Brazil)
_xISSN 0103-4335
_g(Out-Dec 2011), v. 22(4) p. 609-615
_wBR2012009792
909 _a202311
_bLúcia
_c55
_dLúcia Elande
942 _2AGRIS
_n0
_cANA
999 _c224876
_d224876